00618nam a2200133Ia 4500008004100000020001800041100008600059245014500145260002700290650002000317856004500337999001900382952008300401171212s9999 xx 000 0 und d a9780833080301 aPrice, Carter C.;Donohue, Julie M.;Saltzman, Evan;Woods, Dulani;Eibner, Christine cPrice, Carter C.;Donohue, Julie M.;Saltzman, Evan;Woods, Dulani;Eibner, ChristineaThe Economic Impact of Medicaid Expansion on Pennsylvania bRAND Corporationc2013 aHealth Sciences uwww.jstor.org/stable/10.7249/j.ctt3fh1kr c352643d352643 001040aCLbCLd2017-12-12l0oRA412.45r2017-12-12 00:00:00w2017-12-12yCBE